Normal view
MARC view
- Supervisor: Dr. Ayesha Abrar
Entry Personal Name
001 - CONTROL NUMBER
- control field: 120210
003 - CONTROL NUMBER IDENTIFIER
- control field: NUST
005 - DATE AND TIME OF LATEST TRANSACTION
- control field: 20240201103055.0
008 - FIXED-LENGTH DATA ELEMENTS
- fixed length control field: 240201|| aca||aabn | a|a d
040 ## - CATALOGING SOURCE
- Original cataloging agency: NUST
- Transcribing agency: NUST
100 ## - HEADING--PERSONAL NAME
- Personal name: Supervisor: Dr. Ayesha Abrar
670 ## - SOURCE DATA FOUND
- Source citation: Work cat.: (NUST): Wajid Maryam 120209, SAFETY-RELATED STRESS EFFECT ON SAFETY BEHAVIOR OF ENGINEERING STUDENTS THROUGH THE UTILIZATION OF SAFETY KNOWLEDGE/
